000 01140nam a22003137a 4500
003 CHAP
005 20220329143538.0
008 100503s1998 us a r 00010 eng d
010 _a98316
011 _a99288
020 _a9264160418
035 _a109974
040 _cCHAP
082 1 4 _a338.181
_bOc193
110 1 _aOrganización para la Cooperación y el Desarrollo Económicos. París
_983559
245 1 4 _aThe enviromental effects of reforming agricultural policies
_c/por Organisation for Economic Cooperation and Development
260 _aParis, Fra. :
_bOECD,
_c1998
300 _a130 p. :
_bilus.
534 _pTit original
_tLa réforme des politiques agricoles: quels effects sur l'environnement?
590 _aBATCH-UPD
_b10
_c20130110
_lUCH01
_h1141
590 _aBATCH-UPD
_b10
_c20130410
_lUCH01
_h0727
590 _aBATCH-UPD
_b10
_c20130913
_lUCH01
_h2253
590 _aCONVERSION
_b10
_c20130109
_lUCH01
_h1354
650 1 4 _aAgricultura y Estado.
_92035
650 1 4 _aPolítica agrícola.
_990283
901 _aBK
942 _cLIBRO
949 _a338.181 Oc192
_bBC
_cLIBRO
_d33724002125207
_eLIBRO
_gI.c/e
_h112449
_i109974
_sb
999 _c98316
_d98316